[Event "SF Essen-Katernberg  3 - SV Bochum-Lind"]
[Site "Verbandsliga - Gr. 2 2019/202"]
[Date "2019.09.22"]
[Round "1.8"]
[White "Gehrmann, Ulrich"]
[Black "Kandyba, Andriy"]
[Result "0-1"]
[WhiteElo "1967"]
[BlackElo "1946"]
[PlyCount "124"]
[EventDate "2019.??.??"]

1. f4 e6 2. Nf3 d5 3. e3 Nf6 4. Be2 c5 5. d3 Bd6 6. Nc3 Nc6 7. e4 d4 8. Nb1 e5
9. fxe5 Nxe5 10. Nxe5 Bxe5 11. Bg5 Qd6 12. Bxf6 Qxf6 13. Bf3 h5 14. Nd2 Be6 15.
Qe2 g5 16. g3 g4 17. Bg2 h4 18. O-O-O h3 19. Bf1 O-O-O 20. Nc4 Bxc4 21. dxc4 d3
22. cxd3 Qf3 23. Qxf3 gxf3 24. d4 Rxd4 25. Bd3 Rd6 26. Rhf1 Rf6 27. Bc2 Rd8 28.
Rxd8+ Kxd8 29. b3 Ke7 30. Bd3 f2 31. Kd2 Bd4 32. Ke2 Kd6 33. Bc2 Ke5 34. Bd3
Ra6 35. Bb1 Ra3 36. Kf3 a5 37. Kg4 a4 38. Kxh3 axb3 39. axb3 Rxb3 40. Kg2 Rc3
41. h4 Rxc4 42. Ba2 Ra4 43. Bxf7 Kxe4 44. Rb1 Ra3 45. Bc4 Be5 46. Kxf2 Bxg3+
47. Ke2 Kd4 48. Bf7 Re3+ 49. Kd2 Re7 50. Bh5 c4 51. Bf3 Bf4+ 52. Kc2 Re3 53.
Rd1+ Kc5 54. Rd5+ Kb4 55. Bd1 Rc3+ 56. Kb2 Rh3 57. h5 Rh2+ 58. Kb1 b5 59. Rf5
Be3 60. Re5 Bd4 61. Re4 Kc3 62. Rf4 Rb2+ 0-1

[Event "SV Königsspringer Hamm 1 - SF Brackel 2"]
[Site "Verbandsliga - Gr. 2 2019/202"]
[Date "2019.09.22"]
[Round "1.1"]
[White "Fiebig, Thomas"]
[Black "Happel, Heiner"]
[Result "1/2-1/2"]
[WhiteElo "2428"]
[BlackElo "2186"]
[Annotator "Daniel"]
[PlyCount "136"]
[EventDate "2019.??.??"]

1. e4 c5 2. Nf3 e6 3. c3 Nf6 4. e5 Nd5 5. d4 cxd4 6. cxd4 d6 7. Bc4 Nb6 8. Bd3
Nc6 9. O-O Bd7 10. Nc3 d5 11. h4 Be7 12. Bg5 h6 13. Bxe7 Qxe7 14. Rc1 O-O-O 15.
Na4 Nxa4 16. Qxa4 Kb8 17. Bb5 Qb4 18. Bxc6 Qxa4 19. Bxa4 Bxa4 $11 20. Rc3 Rc8
21. Rfc1 Rxc3 22. Rxc3 Rc8 23. Rxc8+ Kxc8 24. Kf1 Kd7 25. Ke2 b6 26. Ng1 Bc2
27. a3 Ke7 28. Kd2 Ba4 29. Ne2 Bb5 30. Nf4 f6 31. Ke3 Kf7 32. Nh5 Ba4 33. Kf4
Bd1 34. Ng3 Bc2 35. Nf1 Be4 36. f3 Bd3 37. Ng3 Bb5 38. Nh1 Bf1 39. g3 g5+ 40.
hxg5 hxg5+ 41. Ke3 fxe5 42. dxe5 Kg6 43. g4 Bb5 44. Nf2 Bf1 45. Nd1 Kf7 46. Nc3
Ke7 47. Nb1 Bb5 48. b3 Bf1 49. a4 a5 50. Na3 Ba6 51. Nc2 b5 52. Nd4 bxa4 53.
bxa4 Bc8 54. Nc6+ Ke8 55. Nxa5 Bd7 56. Nb3 Bxa4 57. Nc5 Bd7 58. f4 gxf4+ 59.
Kxf4 Ke7 60. Kg5 Bb5 61. Kg6 d4 62. Kg5 d3 63. Nb3 Ba4 64. Nd2 Bd1 65. Ne4 Bf3
66. Nd2 Bd1 67. Ne4 Bf3 68. Nd2 Bd1 1/2-1/2

[Event "SV Königsspringer Hamm 1 - SF Brackel 2"]
[Site "Verbandsliga - Gr. 2 2019/202"]
[Date "2019.09.22"]
[Round "1.2"]
[White "Frombach, Ralf"]
[Black "Reisberg, Andre"]
[Result "1-0"]
[WhiteElo "2139"]
[BlackElo "2019"]
[PlyCount "71"]
[EventDate "2019.??.??"]

1. d4 d5 2. c4 e6 3. Nc3 Nf6 4. cxd5 exd5 5. Bg5 Be7 6. e3 c6 7. Bd3 O-O 8. Qc2
Nbd7 9. Nf3 Re8 10. h3 h6 11. Bf4 Nf8 12. O-O-O Be6 13. Kb1 c5 14. dxc5 Qa5 15.
Nd4 Qxc5 16. Rc1 Rac8 17. g4 Qb6 18. Qe2 Bb4 19. Ncb5 Ne4 20. Bc7 Rxc7 21. Nxc7
Nd2+ 22. Ka1 Re7 23. Ncxe6 fxe6 24. Rhd1 e5 25. Nf5 Rc7 26. Bc2 Qa5 27. Qd3 e4
28. Qd4 Ne6 29. Qe5 Rc6 30. Rxd2 Bxd2 31. Ne7+ Kf7 32. Nxc6 bxc6 33. Rd1 Bb4
34. Bxe4 dxe4 35. Rd7+ Be7 36. Qxa5 1-0

[Event "SV Königsspringer Hamm 1 - SF Brackel 2"]
[Site "Verbandsliga - Gr. 2 2019/202"]
[Date "2019.09.22"]
[Round "1.3"]
[White "Siebert, Martin"]
[Black "Dargel, Manuel"]
[Result "1/2-1/2"]
[WhiteElo "1947"]
[BlackElo "2108"]
[PlyCount "89"]
[EventDate "2019.??.??"]

1. e4 c5 2. Nf3 e6 3. c3 Nf6 4. e5 Nd5 5. d4 cxd4 6. cxd4 Qc7 7. Bd2 b6 8. Nc3
Nxc3 9. Bxc3 Be7 10. Rc1 O-O 11. Bd3 Ba6 12. O-O Qb7 13. Re1 Bxd3 14. Qxd3 Na6
15. Nd2 Nc7 16. f4 f5 17. Nc4 Nd5 18. Qf3 Qa6 19. Ne3 Nxe3 20. Rxe3 Qxa2 21.
Qb7 Rfd8 22. Ree1 Qb3 23. d5 Bc5+ 24. Kh1 a5 25. Rcd1 Rab8 26. Qc7 Rbc8 27. Qb7
Qc4 28. dxe6 Qxe6 29. Rd3 Qc6 30. Qa6 Bf2 31. Rd6 Qa4 32. Red1 Bc5 33. R6d5 Rc6
34. Qd3 Qxf4 35. Rxd7 Rxd7 36. Qxd7 Rh6 37. Qd5+ Kf8 38. Qd8+ Kf7 39. Rd7+ Kg6
40. Qe8+ Kg5 41. Rxg7+ Rg6 42. Qd8+ Kh6 43. Bd2 Be3 44. Rxg6+ hxg6 45. Qh8+
1/2-1/2

[Event "SV Königsspringer Hamm 1 - SF Brackel 2"]
[Site "Verbandsliga - Gr. 2 2019/202"]
[Date "2019.09.22"]
[Round "1.4"]
[White "Prueß, Wilfried"]
[Black "Mueller, Marcus"]
[Result "1-0"]
[WhiteElo "2065"]
[BlackElo "1691"]
[PlyCount "55"]
[EventDate "2019.??.??"]

1. c4 Nf6 2. g3 g6 3. Bg2 Bg7 4. Nc3 O-O 5. d3 d6 6. e4 e5 7. Nge2 c6 8. h3 a5
9. O-O Ne8 10. Be3 f5 11. Qd2 Bf6 12. d4 Nd7 13. f4 exd4 14. Bxd4 Ng7 15. Rad1
Be7 16. Rfe1 Nc5 17. Bf2 fxe4 18. Bxc5 dxc5 19. Qxd8 Rxd8 20. Rxd8+ Bxd8 21.
Nxe4 Be6 22. Nd6 Rb8 23. Nc3 Bc7 24. Nce4 Nf5 25. Nf6+ Kh8 26. Nde8 Nxg3 27.
Rxe6 Bxf4 28. Re7 1-0

[Event "SV Königsspringer Hamm 1 - SF Brackel 2"]
[Site "Verbandsliga - Gr. 2 2019/202"]
[Date "2019.09.22"]
[Round "1.5"]
[White "Schroelkamp, Carsten"]
[Black "Schmidt, Ingo"]
[Result "1/2-1/2"]
[WhiteElo "1617"]
[BlackElo "1967"]
[PlyCount "60"]
[EventDate "2019.??.??"]

1. Nf3 d5 2. g3 g6 3. Bg2 Bg7 4. d4 Nf6 5. O-O O-O 6. Nbd2 c6 7. c4 e6 8. b3
Nbd7 9. Ba3 Re8 10. Rc1 Ne4 11. Qc2 Ndf6 12. e3 Nxd2 13. Nxd2 e5 14. dxe5 Rxe5
15. cxd5 Nxd5 16. Nc4 Rh5 17. Bf3 Rh6 18. Rfd1 Qg5 19. Bxd5 cxd5 20. Nd6 Be6
21. Nxb7 d4 22. exd4 Qd5 23. Qc6 Rh5 24. Rc5 Qxc6 25. Rxc6 Re8 26. Rc5 Rd5 27.
Bb2 Re7 28. Rxd5 Bxd5 29. Nc5 Bf3 30. Rb1 Re2 1/2-1/2

[Event "SV Königsspringer Hamm 1 - SF Brackel 2"]
[Site "Verbandsliga - Gr. 2 2019/202"]
[Date "2019.09.22"]
[Round "1.6"]
[White "Klaus, Michael"]
[Black "Althoff, Ralph"]
[Result "0-1"]
[WhiteElo "1841"]
[BlackElo "1933"]
[PlyCount "60"]
[EventDate "2019.??.??"]

1. c4 c5 2. Nf3 Nc6 3. Nc3 g6 4. g3 Bg7 5. Bg2 d6 6. e3 e6 7. O-O Nge7 8. Rb1
Qd7 9. d4 b6 10. a3 Bb7 11. Ne2 Rd8 12. Bd2 O-O 13. Bc3 d5 14. dxc5 bxc5 15.
Bxg7 Kxg7 16. Qc2 d4 17. exd4 cxd4 18. Rfd1 e5 19. Ne1 Qe6 20. Nd3 Qf5 21. Qb3
Na5 22. Qb5 Bxg2 23. Kxg2 Nac6 24. Nb4 Qe4+ 25. Kf1 Rd6 26. Ng1 Rf6 27. Re1 Qf5
28. f3 Rb8 29. Nxc6 Rxb5 30. Nxe7 Qd3+ 0-1

[Event "SV Königsspringer Hamm 1 - SF Brackel 2"]
[Site "Verbandsliga - Gr. 2 2019/202"]
[Date "2019.09.22"]
[Round "1.7"]
[White "Al Tarboush, Hussam"]
[Black "Sporkert, Corina"]
[Result "0-1"]
[WhiteElo "1972"]
[BlackElo "1829"]
[PlyCount "96"]
[EventDate "2019.??.??"]

1. e4 e5 2. Nf3 Nc6 3. Nc3 Bc5 4. Bc4 d6 5. h3 Nf6 6. d3 Be6 7. Bb3 h6 8. Na4
Bb4+ 9. c3 Ba5 10. Bxe6 fxe6 11. b4 Bb6 12. Nxb6 axb6 13. O-O O-O 14. Re1 Qe8
15. Qb3 Nh5 16. Qd1 Nf4 17. d4 exd4 18. Nxd4 Nxd4 19. cxd4 Qg6 20. Qf3 Nd5 21.
Qb3 Qf6 22. Re2 Ne7 23. Qc4 c6 24. Bb2 d5 25. Qd3 b5 26. Qe3 Ng6 27. g3 Kh7 28.
a3 Rf7 29. Rae1 Nf8 30. Qd3 Qg6 31. Bc1 Nd7 32. Qc3 Raf8 33. Kg2 dxe4 34. Bb2
Nf6 35. Bc1 Qf5 36. Qe3 Qg6 37. Rf1 Kg8 38. Kg1 Nh5 39. Kg2 Nf4+ 40. Kh2 Nxe2
41. Qxe2 Rf3 42. Kg2 Rd3 43. Bb2 Rff3 44. Re1 Qf5 45. Rc1 h5 46. Rc5 Qg6 47.
Re5 Rxg3+ 48. fxg3 Qxg3+ 0-1

[Event "SV Königsspringer Hamm 1 - SF Brackel 2"]
[Site "Verbandsliga - Gr. 2 2019/202"]
[Date "2019.09.22"]
[Round "1.8"]
[White "Kauder, Hartmut"]
[Black "Bungarten, Jona"]
[Result "1/2-1/2"]
[WhiteElo "2089"]
[BlackElo "1863"]
[PlyCount "133"]
[EventDate "2019.??.??"]

1. c4 e6 2. Nf3 d5 3. b3 Nf6 4. Bb2 c5 5. cxd5 exd5 6. d4 Nc6 7. e3 Bf5 8. Nc3
Bd6 9. Be2 O-O 10. O-O a6 11. Rc1 cxd4 12. Nxd4 Nxd4 13. Qxd4 Re8 14. Rfd1 Be5
15. Qd2 Qd6 16. f4 Bxc3 17. Bxc3 Rad8 18. Bf3 Be4 19. Be5 Qe6 20. Qd4 Bxf3 21.
gxf3 Nh5 22. Qd2 f6 23. Bd4 g6 24. Rc7 Ng7 25. Rxb7 Nf5 26. Bb6 Qc6 27. Bxd8
Qxb7 28. Bxf6 Rxe3 29. Qxd5+ Qxd5 30. Rxd5 Rxf3 31. Be5 Ne3 32. Rd8+ Kf7 33. h4
Rf1+ 34. Kh2 Rf2+ 35. Kg3 Rxa2 36. Rd7+ Ke6 37. Rxh7 Ra3 38. Rb7 Nc4 39. Kg4
Nxe5+ 40. fxe5 Ra1 41. Rb6+ Kf7 42. Kg5 Rg1+ 43. Kh6 Rg4 44. Rf6+ Ke7 45. Rxa6
Rxh4+ 46. Kxg6 Rb4 47. Kf5 Rxb3 48. Ra7+ Ke8 49. Kf6 Re3 50. Ke6 Kd8 51. Ra8+
Kc7 52. Ra1 Kd8 53. Rh1 Re2 54. Rh8+ Kc7 55. Kf6 Kd7 56. Rh7+ Ke8 57. Ke6 Kd8
58. Rd7+ Kc8 59. Rd5 Ra2 60. Kf6 Ra6+ 61. e6 Ra1 62. Rf5 Rd1 63. Ke5 Re1+ 64.
Kf6 Re2 65. Rd5 Rf2+ 66. Ke5 Re2+ 67. Kd6 1/2-1/2

[Event "SV Horst-Emscher 1 - SC Buer-Hassel 1"]
[Site "Verbandsliga - Gr. 2 2019/202"]
[Date "2019.09.22"]
[Round "1.1"]
[White "Griebl, Jörn"]
[Black "Baerwolf, Steven"]
[Result "1/2-1/2"]
[WhiteElo "2191"]
[BlackElo "2192"]
[PlyCount "142"]
[EventDate "2019.??.??"]

1. c4 Nf6 2. Nf3 g6 3. g3 Bg7 4. Bg2 O-O 5. O-O c5 6. d4 cxd4 7. Nxd4 Nc6 8.
Nc3 a6 9. Nc2 d6 10. b3 Bd7 11. Bb2 Rb8 12. Nd5 Nxd5 13. Bxg7 Ne3 14. Nxe3 Kxg7
15. Qd2 Qa5 16. Qxa5 Nxa5 17. Rfd1 Bc6 18. Rac1 Bxg2 19. Kxg2 Rfc8 20. Nd5 b5
21. cxb5 axb5 22. Nxe7 Re8 23. Rc7 Rb7 24. Rxb7 Nxb7 25. Nd5 Rxe2 26. Nc3 Re5
27. b4 g5 28. Rd5 Rxd5 29. Nxd5 Nd8 30. Nc7 Nc6 31. Ne8+ Kf8 32. Nxd6 Nd4 33.
Ne4 h6 34. Nc3 Ke7 35. a4 bxa4 36. Nxa4 Kd6 37. Nc3 f5 38. f4 g4 39. h4 h5 40.
Kf2 Kc6 41. Nd1 Kd5 42. Ne3+ Kc6 43. Ke1 Kb5 44. Kd2 Kxb4 45. Nd5+ Kc5 46. Nf6
Kd6 47. Nxh5 Ne6 48. Kd3 Ke7 49. Kc4 Kf7 50. Kd5 Nd8 51. Ke5 Kg6 52. Nf6 Nf7+
53. Ke6 Nd8+ 54. Kd7 Nb7 55. Ke7 Nc5 56. Nd7 Ne4 57. Ne5+ Kg7 58. Nc4 Nxg3 59.
Ne3 Kg6 60. Ke6 Nh5 61. Ng2 g3 62. Ke5 Ng7 63. h5+ Kxh5 64. Kf6 Kg4 65. Kxg7
Kf3 66. Nh4+ Kxf4 67. Kg6 Ke4 68. Kg5 f4 69. Kg4 g2 70. Nxg2 f3 71. Kg3 fxg2
1/2-1/2

[Event "SV Horst-Emscher 1 - SC Buer-Hassel 1"]
[Site "Verbandsliga - Gr. 2 2019/202"]
[Date "2019.09.22"]
[Round "1.2"]
[White "Rebentisch, Tom"]
[Black "Bossy, Arnim"]
[Result "1/2-1/2"]
[WhiteElo "2045"]
[BlackElo "2124"]
[PlyCount "79"]
[EventDate "2019.??.??"]

1. d4 g6 2. c4 Bg7 3. Nc3 e6 4. Nf3 Ne7 5. b3 O-O 6. Bb2 b6 7. e3 d6 8. Bd3 Bb7
9. O-O Nd7 10. Qe2 a6 11. Rfd1 Nf6 12. Rac1 Qb8 13. b4 c5 14. dxc5 dxc5 15.
bxc5 bxc5 16. Na4 Qc7 17. Be5 Qc6 18. Bc2 Rfd8 19. Rb1 Rxd1+ 20. Qxd1 Nd7 21.
Bxg7 Kxg7 22. Nc3 Nf6 23. Qd2 Qc7 24. Bd1 Bc6 25. Be2 Rd8 26. Qb2 Bxf3 27. Bxf3
Qe5 28. Na4 Qf5 29. h3 Rd2 30. Qxd2 Qxb1+ 31. Kh2 Qb8+ 32. g3 Qc7 33. Qb2 Qa5
34. Nc3 e5 35. Kg2 h5 36. Ne4 Qc7 37. Nxf6 Kxf6 38. Bb7 a5 39. Be4 Ke6 40. Qb5
1/2-1/2

[Event "SV Horst-Emscher 1 - SC Buer-Hassel 1"]
[Site "Verbandsliga - Gr. 2 2019/202"]
[Date "2019.09.22"]
[Round "1.3"]
[White "Wolff, Christoph"]
[Black "Buschmann, Andreas"]
[Result "1-0"]
[WhiteElo "1960"]
[BlackElo "2038"]
[PlyCount "53"]
[EventDate "2019.??.??"]

1. e4 c5 2. Nf3 d6 3. d4 cxd4 4. Nxd4 Nf6 5. Nc3 a6 6. Be3 e6 7. f3 Be7 8. Qd2
O-O 9. O-O-O b5 10. g4 Bb7 11. h4 Nc6 12. h5 Nxd4 13. Qxd4 e5 14. Qd2 Rc8 15.
Kb1 b4 16. Nd5 Nxd5 17. exd5 a5 18. g5 f5 19. gxf6 Rxf6 20. Bh3 Ra8 21. Rdg1
Bc8 22. Qg2 Qf8 23. Bg5 Rf7 24. Be6 Bxe6 25. dxe6 Rf5 26. Bh6 Rxf3 27. Qxg7+
1-0

[Event "SV Horst-Emscher 1 - SC Buer-Hassel 1"]
[Site "Verbandsliga - Gr. 2 2019/202"]
[Date "2019.09.22"]
[Round "1.4"]
[White "Arndt, Olaf"]
[Black "Hammerich, Simon"]
[Result "0-1"]
[WhiteElo "1901"]
[BlackElo "2032"]
[PlyCount "80"]
[EventDate "2019.??.??"]

1. e4 e5 2. Bc4 Nf6 3. Nc3 Nc6 4. Nf3 Nxe4 5. Nxe4 d5 6. Bd3 dxe4 7. Bxe4 Bd6
8. O-O O-O 9. d3 Ne7 10. Bxh7+ Kxh7 11. Ng5+ Kg8 12. f4 f6 13. Ne4 exf4 14.
Bxf4 Bxf4 15. Rxf4 Ng6 16. Rf2 Qd5 17. Qf3 c6 18. Qg3 Kh7 19. h4 Qe5 20. Qxe5
Nxe5 21. Re1 Bg4 22. Nd6 b6 23. Rf4 Bh5 24. d4 Nf7 25. Nf5 Rae8 26. Ne3 Nd6 27.
g4 Bf7 28. Kf2 Re4 29. Rxe4 Nxe4+ 30. Kf3 Nd6 31. Rg1 Re8 32. b3 Bd5+ 33. Kf2
Ne4+ 34. Kf1 Nc3 35. Kf2 a5 36. a3 Re4 37. g5 fxg5 38. hxg5 g6 39. Ng4 Re2+ 40.
Kf1 Rxc2 0-1

[Event "SV Horst-Emscher 1 - SC Buer-Hassel 1"]
[Site "Verbandsliga - Gr. 2 2019/202"]
[Date "2019.09.22"]
[Round "1.5"]
[White "Strohmann, Andreas"]
[Black "Weichert, Eddy"]
[Result "0-1"]
[WhiteElo "1862"]
[BlackElo "1805"]
[PlyCount "112"]
[EventDate "2019.??.??"]

1. e4 e5 2. Nf3 Nc6 3. Bb5 a6 4. Ba4 Nf6 5. O-O Be7 6. Re1 b5 7. Bb3 O-O 8. c3
d6 9. h3 Na5 10. Bc2 c5 11. d4 Qc7 12. d5 Nd7 13. Nbd2 Nb6 14. Nf1 Nb7 15. Ng3
c4 16. Nh2 a5 17. Ng4 Re8 18. f4 Bh4 19. Qf3 Bd7 20. fxe5 dxe5 21. Rf1 Bxg4 22.
Qxg4 Bxg3 23. Qxg3 Kh8 24. Be3 f6 25. Rf5 Nd6 26. Rh5 Nd7 27. Rf1 Nf8 28. Qh4
Qf7 29. g4 Kg8 30. g5 fxg5 31. Bxg5 Ng6 32. Qg4 Qc7 33. Be3 Qc8 34. Qg2 Rf8 35.
Rxf8+ Qxf8 36. Rg5 Nh4 37. Qg4 Nf3+ 38. Kg2 Nxg5 39. Bxg5 Qf7 40. Be3 Rf8 41.
Kg3 Ne8 42. Bc5 Nf6 43. Qf5 Re8 44. a4 g6 45. Qf3 Nh5+ 46. Kf2 Qc7 47. Qe3 Rb8
48. axb5 Rxb5 49. Ba3 Rb7 50. Ba4 Qd8 51. Bc6 Rf7+ 52. Ke2 Qf6 53. Bc5 Qf1+ 54.
Kd2 Rf3 55. Qe2 Rd3+ 56. Qxd3 cxd3 0-1

[Event "SV Horst-Emscher 1 - SC Buer-Hassel 1"]
[Site "Verbandsliga - Gr. 2 2019/202"]
[Date "2019.09.22"]
[Round "1.6"]
[White "Becker, Marco"]
[Black "Hirschberg, Markus"]
[Result "0-1"]
[WhiteElo "1906"]
[BlackElo "1802"]
[PlyCount "64"]
[EventDate "2019.??.??"]

1. e4 e6 2. Nf3 d5 3. Nc3 Bb4 4. a3 Ba5 5. exd5 exd5 6. d4 Qe7+ 7. Be2 Nf6 8.
Bg5 c6 9. O-O O-O 10. Ne5 Qd6 11. b4 Bb6 12. Bf4 Ne4 13. Na4 Qf6 14. Be3 Nd7
15. f3 Nd6 16. Nxb6 Nxb6 17. Qd2 Nf5 18. Bf2 Nd7 19. g4 Qh6 20. f4 Nd6 21. g5
Qh3 22. Bg4 Nxe5 23. Be2 Ne4 24. Qe3 Nxf2 25. Qxf2 Ng4 26. Qg3 Qxg3+ 27. hxg3
Ne3 28. Rfc1 Bf5 29. c3 Rfe8 30. Kf2 Re7 31. Rg1 Rae8 32. g4 Nc2 0-1

[Event "SV Horst-Emscher 1 - SC Buer-Hassel 1"]
[Site "Verbandsliga - Gr. 2 2019/202"]
[Date "2019.09.22"]
[Round "1.7"]
[White "Lazarev, Vadim"]
[Black "Rebentisch, Sebastian"]
[Result "1/2-1/2"]
[WhiteElo "1771"]
[BlackElo "1787"]
[PlyCount "105"]
[EventDate "2019.??.??"]

1. e4 e5 2. Nf3 Nc6 3. d4 exd4 4. Bc4 Bc5 5. c3 dxc3 6. Bxf7+ Kxf7 7. Qd5+ Kf8
8. Qxc5+ d6 9. Qxc3 Qf6 10. Bg5 Qxc3+ 11. Nxc3 Be6 12. O-O Kf7 13. Be3 h6 14.
Nd4 Nxd4 15. Bxd4 Ne7 16. f4 Nc6 17. Be3 Rhe8 18. a3 Kg8 19. Rac1 Re7 20. Rf3
a6 21. Rcf1 Rf8 22. e5 Bc4 23. R1f2 Rfe8 24. Rg3 dxe5 25. f5 Kh7 26. f6 Rf7 27.
Rh3 Rxf6 28. Rxf6 gxf6 29. Ne4 Kg7 30. Rxh6 f5 31. Rh7+ Kg6 32. Rh6+ Kg7 33.
Rh7+ Kxh7 34. Nf6+ Kg6 35. Nxe8 e4 36. Nxc7 Ne5 37. h3 Bb3 38. Kf2 Nd3+ 39. Kg3
Nxb2 40. Ne8 Nc4 41. Kf4 Ba4 42. Nc7 Nxa3 43. g4 fxg4 44. hxg4 Bc6 45. Ne6 Nc4
46. Bd4 a5 47. Nc5 b5 48. Nxe4 Bxe4 49. Kxe4 Kg5 50. Kd5 Kxg4 51. Kc5 Na3 52.
Bc3 b4 53. Bxb4 1/2-1/2

[Event "SV Horst-Emscher 1 - SC Buer-Hassel 1"]
[Site "Verbandsliga - Gr. 2 2019/202"]
[Date "2019.09.22"]
[Round "1.8"]
[White "Doenges, Dirk"]
[Black "Semina, Svetlana"]
[Result "0-1"]
[WhiteElo "1768"]
[BlackElo "2091"]
[PlyCount "82"]
[EventDate "2019.??.??"]

1. e4 e5 2. Nf3 Nc6 3. Bc4 Bc5 4. Nc3 Nf6 5. d3 a6 6. a4 h6 7. Be3 Bxe3 8. fxe3
d6 9. Qd2 Qe7 10. Nd5 Nxd5 11. exd5 Nd8 12. O-O f5 13. e4 f4 14. d4 Nf7 15.
dxe5 dxe5 16. Rad1 Qc5+ 17. Kh1 Qxc4 18. Nxe5 Nxe5 19. Qxf4 Ng4 20. Qf7+ Kd8
21. Qxg7 Re8 22. d6 Bd7 23. Rf7 Ne5 24. Re7 cxd6 25. Rxe8+ Bxe8 26. Qf6+ Kc8
27. Qxd6 Qc7 28. Qf8 Qf7 29. Qxh6 Ng4 30. Qh3 Bd7 31. Qh8+ Kc7 32. Qc3+ Kb8 33.
Kg1 Qf2+ 34. Kh1 Qh4 35. h3 Nf2+ 36. Kg1 Nxd1 37. Qe5+ Kc8 38. Qc5+ Bc6 39.
Qf5+ Kc7 40. Qe5+ Kc8 41. Qe6+ Bd7 0-1

[Event "SF Brackel 4 - Matt Inn Dortmund 1"]
[Site "Verbandsklasse - Gr. 1 2019/2"]
[Date "2019.09.22"]
[Round "1.1"]
[White "Koenig, Christian"]
[Black "Bree, Thomas"]
[Result "1-0"]
[WhiteElo "2039"]
[BlackElo "2069"]
[PlyCount "103"]
[EventDate "2019.??.??"]

1. e4 c6 2. d4 d5 3. Nc3 dxe4 4. Nxe4 Bf5 5. Ng3 Bg6 6. Nh3 Nf6 7. Bc4 e6 8.
Nf4 Bd6 9. c3 Qc7 10. Qf3 c5 11. dxc5 Bxc5 12. O-O Bxf2+ 13. Rxf2 Qxc4 14. Qxb7
Qc6 15. Qxc6+ Nxc6 16. Nxg6 hxg6 17. h3 O-O 18. Bg5 Nh7 19. Be3 Rfd8 20. Rc2 f5
21. b4 e5 22. Ne2 Rd3 23. Bf2 a6 24. a4 Nf6 25. Rb1 Ne4 26. b5 axb5 27. axb5
Nd8 28. c4 Nd2 29. Re1 Rb8 30. Nc1 Rd7 31. Rxe5 Ne4 32. Nb3 Nf7 33. Re6 Rd1+
34. Kh2 Nfd6 35. Ba7 Rb7 36. Bg1 Kf7 37. Re5 Kf6 38. Rc5 Nxc5 39. Nxc5 Rc7 40.
b6 Re7 41. Nb3 Ree1 42. Bd4+ Kg5 43. g3 Rd3 44. c5 Ne4 45. Rb2 Nxg3 46. b7 Re8
47. c6 Rh8 48. Rg2 Kf4 49. Rf2+ Ke4 50. Nc5+ Kxd4 51. Nxd3 Ne4 52. c7 1-0

[Event "SF Brackel 4 - Matt Inn Dortmund 1"]
[Site "Verbandsklasse - Gr. 1 2019/2"]
[Date "2019.09.22"]
[Round "1.2"]
[White "Althoff, Ralph"]
[Black "Schulenburg, Pit"]
[Result "1-0"]
[WhiteElo "1933"]
[BlackElo "2058"]
[PlyCount "85"]
[EventDate "2019.??.??"]

1. d4 e6 2. Bf4 Bd6 3. Bxd6 cxd6 4. g3 d5 5. Bg2 Nf6 6. Nd2 Nc6 7. c3 b5 8.
Ngf3 Qb6 9. a3 a5 10. O-O O-O 11. Qc2 Bb7 12. Rfd1 Rfc8 13. e3 Ba6 14. e4 Nxd4
15. Nxd4 Qxd4 16. exd5 Rab8 17. Ne4 Qe5 18. dxe6 dxe6 19. f4 Qf5 20. Rd6 Nxe4
21. Qxe4 Qc5+ 22. Qd4 Qxd4+ 23. Rxd4 Bb7 24. Bxb7 Rxb7 25. Rad1 h5 26. Kf2 b4
27. axb4 axb4 28. Rd8+ Rxd8 29. Rxd8+ Kh7 30. c4 Kg6 31. Ke3 Kf5 32. c5 e5 33.
fxe5 Kxe5 34. Kd3 f5 35. Kc4 g5 36. Re8+ Kf6 37. c6 Rc7 38. Kd5 f4 39. Kd6 Rf7
40. gxf4 gxf4 41. c7 Rxc7 42. Kxc7 Kg5 43. Rf8 1-0

[Event "SF Brackel 4 - Matt Inn Dortmund 1"]
[Site "Verbandsklasse - Gr. 1 2019/2"]
[Date "2019.09.22"]
[Round "1.3"]
[White "Boehmfeldt, Bruno"]
[Black "Al Tarboush, Hussam"]
[Result "1-0"]
[WhiteElo "2232"]
[BlackElo "1972"]
[PlyCount "141"]
[EventDate "2019.??.??"]

1. d3 d5 2. g3 e5 3. Nd2 Nc6 4. e4 Be6 5. c3 Qd7 6. Qe2 Bd6 7. Bg2 Nge7 8. a3
f6 9. Bh3 O-O-O 10. Bxe6 Qxe6 11. Ngf3 h5 12. h4 Rdg8 13. exd5 Qxd5 14. Ne4 Qb3
15. Ned2 Qe6 16. Ne4 Nf5 17. Qc2 Na5 18. b4 Nb3 19. Qa2 Re8 20. Rb1 Nxc1 21.
Qxe6+ Rxe6 22. Rxc1 Rd8 23. Ke2 Bf8 24. a4 Re7 25. Rhd1 Red7 26. Rb1 b6 27. Ne1
c6 28. Nc2 Rc7 29. b5 Nd6 30. Nxd6+ Bxd6 31. c4 cxb5 32. axb5 e4 33. Ne3 exd3+
34. Rxd3 Bc5 35. Rxd8+ Kxd8 36. Nd5 Rf7 37. Nf4 Re7+ 38. Kf3 g5 39. Rd1+ Kc8
40. Nxh5 gxh4 41. g4 Rc7 42. Nxf6 Bb4 43. Nd5 Rxc4 44. Nxb4 Rxb4 45. Rd5 h3 46.
Rh5 h2 47. Rxh2 Rxb5 48. Ke4 a5 49. f4 a4 50. g5 a3 51. Ra2 Rb3 52. f5 Kd7 53.
g6 Ke7 54. Rc2 Rg3 55. Kf4 Rg1 56. Re2+ Kd6 57. Ra2 Rf1+ 58. Kg4 Rg1+ 59. Kf4
Ke7 60. Rxa3 Kf6 61. Rg3 Rf1+ 62. Ke4 Re1+ 63. Kf3 Re8 64. Kf4 Ra8 65. Re3 Ra4+
66. Re4 b5 67. Kf3 Ra8 68. Kg4 Ra1 69. Re6+ Kg7 70. Re7+ Kf8 71. Rb7 1-0

[Event "SF Brackel 4 - Matt Inn Dortmund 1"]
[Site "Verbandsklasse - Gr. 1 2019/2"]
[Date "2019.09.22"]
[Round "1.4"]
[White "Bense, Dirk"]
[Black "Kromat, Stefan"]
[Result "1-0"]
[WhiteElo "1982"]
[BlackElo "1740"]
[PlyCount "57"]
[EventDate "2019.??.??"]

1. e4 d6 2. d4 Nf6 3. Nc3 Nbd7 4. Nf3 e5 5. Bc4 Be7 6. O-O c6 7. Re1 h6 8. h3
Qc7 9. Be3 Nf8 10. a4 a5 11. Bb3 Ng6 12. Qd2 Nh5 13. Rad1 Nhf4 14. Ne2 Bg5 15.
dxe5 dxe5 16. Nxg5 hxg5 17. Nxf4 gxf4 18. Bc5 f3 19. Qg5 fxg2 20. Bd6 Qd7 21.
Bf8 Qc7 22. Bxg7 Nf4 23. Bxf7+ Kxf7 24. Qf6+ Kg8 25. Bxh8 Nxh3+ 26. Kxg2 Nf4+
27. Kf3 Bh3 28. Qxe5 Qxe5 29. Bxe5 1-0

[Event "SF Brackel 4 - Matt Inn Dortmund 1"]
[Site "Verbandsklasse - Gr. 1 2019/2"]
[Date "2019.09.22"]
[Round "1.5"]
[White "Fork, Raphael"]
[Black "Schwiddessen, Jan"]
[Result "1/2-1/2"]
[WhiteElo "1873"]
[BlackElo "1867"]
[Annotator "Daniel"]
[PlyCount "142"]
[EventDate "2019.??.??"]

1. e4 c5 2. Nf3 d6 3. Nc3 Nf6 4. Bb5+ Nbd7 5. O-O a6 6. Bd3 g5 7. Nxg5 Rg8 8.
Nf3 Ne5 9. Be2 Bh3 10. Ne1 Qd7 11. f3 Bh6 12. d3 Bxc1 13. Qxc1 O-O-O 14. Qe3
Bxg2 15. Nxg2 Qh3 16. Rf2 Rg6 17. Kh1 Nh5 18. f4 Ng3+ 19. Kg1 Nxe2+ 20. Kf1
Qxe3 21. Nxe3 Nxc3 22. fxe5 Rdg8 23. Rg2 Nb5 24. exd6 Nxd6 25. Rxg6 Rxg6 26.
Kf2 Kd7 27. Rg1 e6 28. Ng4 Ke7 29. Ne5 Rxg1 30. Kxg1 f6 31. Nf3 c4 32. e5 fxe5
33. Nxe5 $11 cxd3 34. cxd3 Kf6 35. Nf3 Kf5 36. Nd4+ Ke5 37. Nf3+ Kf4 38. Kf2
Nf5 39. Ke2 Ne3 40. Nd4 e5 41. Ne6+ Kf5 42. Nc5 Nd5 43. Nxb7 Nf4+ 44. Ke3 Nd5+
45. Kf3 Nb4 46. Nc5 a5 47. a3 Nc6 48. Nb3 h5 49. h3 Kg5 50. Kg3 Kf5 51. h4 e4
52. d4 Ke6 53. Kf4 Kd5 54. Ke3 Ne7 55. Nxa5 Nf5+ 56. Kf4 Nxh4 57. Nb3 Ng6+ 58.
Ke3 Ne7 59. Nc5 Nf5+ 60. Kf4 Nxd4 61. Nxe4 Kc4 62. Nd2+ Kd3 63. Nf3 Nc2 64. a4
Kc4 65. Kg5 Kb4 66. Kxh5 Kxa4 67. Nd2 Nb4 68. Kg4 Nd3 69. b3+ Kb4 70. Kf3 Nc5
71. Kg4 Nxb3 1/2-1/2

[Event "SF Brackel 4 - Matt Inn Dortmund 1"]
[Site "Verbandsklasse - Gr. 1 2019/2"]
[Date "2019.09.22"]
[Round "1.7"]
[White "Jelisavac, Nenad"]
[Black "Truemper, Michael"]
[Result "1-0"]
[WhiteElo "1440"]
[BlackElo "1881"]
[PlyCount "55"]
[EventDate "2019.??.??"]

1. Nf3 d5 2. c4 c6 3. e3 Nf6 4. d4 e6 5. Nc3 Be7 6. Be2 O-O 7. O-O Nbd7 8. b3
Re8 9. Bb2 Bf8 10. Qc2 e5 11. dxe5 Nxe5 12. Nxe5 Rxe5 13. Nxd5 Re8 14. Nxf6+
gxf6 15. Rad1 Qa5 16. Bxf6 Re6 17. Bc3 Qg5 18. f4 Qe7 19. Bd3 Qh4 20. Rf3 Rh6
21. Rg3+ Bg4 22. Bf5 Qxh2+ 23. Kf2 Qh4 24. Bxg4 Rg6 25. Qf5 Bc5 26. Rd3 Re8 27.
Qh5 Qe7 28. Bf5 1-0

[Event "SF Brackel 4 - Matt Inn Dortmund 1"]
[Site "Verbandsklasse - Gr. 1 2019/2"]
[Date "2019.09.22"]
[Round "1.8"]
[White "Tekin, Baran"]
[Black "Litzenberg, David"]
[Result "1-0"]
[WhiteElo "1777"]
[BlackElo "1442"]
[PlyCount "63"]
[EventDate "2019.??.??"]

1. d4 d5 2. Nf3 Nc6 3. c4 e6 4. Nc3 Bb4 5. cxd5 exd5 6. a3 Be7 7. Qb3 Nf6 8.
Bg5 Na5 9. Qc2 O-O 10. e3 a6 11. b4 Nc6 12. h3 h6 13. Bh4 Ne8 14. Bxe7 Nxe7 15.
Bd3 Nd6 16. Na4 Re8 17. Rc1 Nc4 18. Bxc4 dxc4 19. Nc5 b6 20. Na4 Bf5 21. Qd1
Nd5 22. O-O Re6 23. Ne5 Qg5 24. Qf3 Rxe5 25. dxe5 Be6 26. Rfd1 Qxe5 27. Rxc4
Rf8 28. Rcd4 Nf6 29. Rd8 Ne4 30. Qf4 Qb5 31. Rxf8+ Kxf8 32. Qxe4 1-0